Динамическая модель резьбовых соединений буровых штанг и оценка потерь энергии при прохождении силовых импульсов; Современные техника и технологии; Т. 1.

Detaylı Bibliyografya
Parent link:Современные техника и технологии=Modern Technique and Technologies: IX Международная научно-практическая конференция студентов, аспирантов и молодых ученых, г. Томск, 7-11 апреля 2003 г./ Томский политехнический университет; отв. ред. А. С. Заворин.— , 2003-
Т. 1..— 2003.— С. 228-229
Yazar: Шадрина А. В. Анастасия Викторовна
Diğer Yazarlar: Саруев Л. А. Лев Алексеевич
Dil:Rusça
Baskı/Yayın Bilgisi: 2003
Konular:
Materyal Türü: Kitap Bölümü
KOHA link:https://koha.lib.tpu.ru/cgi-bin/koha/opac-detail.pl?biblionumber=118179

MARC

LEADER 00000naa2a2200000 4500
001 118179
005 20231222120204.0
035 |a (RuTPU)RU\TPU\book\127897 
090 |a 118179 
100 |a 20070608d2003 k y0rusy50 ca 
101 0 |a rus 
102 |a RU 
200 1 |a Динамическая модель резьбовых соединений буровых штанг и оценка потерь энергии при прохождении силовых импульсов  |f А. В. Шадрина, Л. А. Саруев 
461 0 |0 (RuTPU)RU\TPU\book\64647  |t Современные техника и технологии  |l Modern Technique and Technologies  |o IX Международная научно-практическая конференция студентов, аспирантов и молодых ученых, г. Томск, 7-11 апреля 2003 г.  |o труды : в 2 т.  |f Томский политехнический университет; отв. ред. А. С. Заворин  |d 2003- 
463 0 |0 (RuTPU)RU\TPU\book\64489  |y 5-98298-037-4  |t Т. 1.  |v С. 228-229  |d 2003  |p 321 с. 
610 1 |a резьбовые соединения 
610 1 |a буровые штанги 
610 1 |a динамические модели 
610 1 |a энергии потери 
610 1 |a силовые импульсы 
610 1 |a труды учёных ТПУ 
700 1 |a Шадрина  |b А. В.  |c специалист в области нефтегазового дела  |c профессор Томского политехнического университета, доктор технических наук  |f 1980-  |g Анастасия Викторовна  |3 (RuTPU)RU\TPU\pers\26136  |9 11965 
701 1 |a Саруев  |b Л. А.  |c горный инженер  |c профессор Томского политехнического университета, доктор технических наук  |f 1940-  |g Лев Алексеевич  |3 (RuTPU)RU\TPU\pers\19862 
801 1 |a RU  |b 63413507  |c 20070608  |g PSBO 
801 2 |a RU  |b 63413507  |c 20160603  |g RCR 
942 |c BK